Surrey and London boroughs south (Record no. 76513)

MARC details
000 -LEADER
fixed length control field 00814cab a2200253 4500
001 - CONTROL NUMBER
control field ##L132590
008 - FIXED-LENGTH DATA ELEMENTS--GENERAL INFORMATION
fixed length control field 060221n2006 000 0 eng u
035 ## - SYSTEM CONTROL NUMBER
System control number (Sirsi) u132590
041 0# - LANGUAGE CODE
Language code of text/sound track or separate title eng
100 1# - MAIN ENTRY--PERSONAL NAME
Personal name Eade, Christine
245 00 - TITLE STATEMENT
Title Surrey and London boroughs south
Remainder of title regional
260 ## - PUBLICATION, DISTRIBUTION, ETC.
Date of publication, distribution, etc. 2006
490 #0 - SERIES STATEMENT
Series statement Property Week
Volume/sequential designation 71(7) 17 February 2006, 101-117(8)
520 ## - SUMMARY, ETC.
Summary, etc. Looks at the retail property market in Croydon and Walton-on-Thames; town centre schemes in Guildford; and the aerodrome between Haslemere and Cranleigh in Surrey.
590 ## - LOCAL NOTE (RLIN)
Local note IKA280206
650 24 - SUBJECT ADDED ENTRY--TOPICAL TERM
Topical term or geographic name entry element SURREY
650 24 - SUBJECT ADDED ENTRY--TOPICAL TERM
Topical term or geographic name entry element CROYDON
650 24 - SUBJECT ADDED ENTRY--TOPICAL TERM
Topical term or geographic name entry element WALTON-ON-THAMES
650 24 - SUBJECT ADDED ENTRY--TOPICAL TERM
Topical term or geographic name entry element GUILDFORD
650 24 - SUBJECT ADDED ENTRY--TOPICAL TERM
Topical term or geographic name entry element HASLEMERE
650 24 - SUBJECT ADDED ENTRY--TOPICAL TERM
Topical term or geographic name entry element CRANLEIGH
690 ## - LOCAL SUBJECT ADDED ENTRY--TOPICAL TERM (OCLC, RLIN)
Topical term or geographic name as entry element PROPERTY-COMMERCIAL PROPERTY-COMMERCIAL PROPERTY MARKET
942 ## - ADDED ENTRY ELEMENTS (KOHA)
Suppress in OPAC 0
Holdings
Withdrawn status Lost status Source of classification or shelving scheme Damaged status Not for loan Home library Current library Shelving location Date acquired Total Checkouts Full call number Barcode Date last seen Copy number Price effective from Koha item type
    Dewey Decimal Classification     London London Journal article 21/02/2006   L132590 132590-1001 06/08/2019 1 06/08/2019 Journal article